[Event "Muensterland Verbandsklasse-A 1011"]
[Site "Germany"]
[Date "2011.01.29"]
[Round "6.8"]
[White "Richling, Erich"]
[Black "Tietz, Eric"]
[Result "0-1"]
[WhiteElo "1379"]
[BlackElo "1868"]
[PlyCount "126"]
[EventDate "2010.09.18"]
[EventType "team-tourn"]
[EventRounds "9"]
[EventCountry "GER"]
[SourceTitle "EXT 2012"]
[Source "ChessBase"]
[SourceDate "2011.11.24"]
[SourceVersion "1"]
[SourceVersionDate "2011.11.24"]
[SourceQuality "1"]
[WhiteTeam "Ahaus Wessum II"]
[BlackTeam "Muenster SK III"]
[WhiteTeamCountry "GER"]
[BlackTeamCountry "GER"]

1. e4 e5 2. Nc3 Nf6 3. Nf3 Nc6 4. Bc4 Bc5 5. d3 h6 6. 0-0 0-0 7. Nd5 d6 8. h3 a6 9. a3 b5 10. Nxf6+ Qxf6 11. Bd5 Bd7 12. Bxc6 Bxc6 13. Qe2 Rfe8 14. Be3 Bb6 15. Bxb6 cxb6 16. Qd2 Bd7 17. Nh2 Qg6 18. Kh1 f5 19. exf5 Bxf5 20. Rfe1 Rac8 21. Re3 e4 22. d4 d5 23. Nf1 Qf6 24. c3 Rf8 25. Kg1 Rc7 26. Ng3 Be6 27. Rf1 Qg5 28. Qe2 Rcf7 29. Qh5 Rxf2 30. Qxg5 Rxf1+ 31. Nxf1 hxg5 32. Rg3 g4 33. hxg4 Rf4 34. Ne3 Kf7 35. Rh3 Ke7 36. Rh7 Rf7 37. Rh8 Rf8 38. Rh7 Rf7 39. Rh8 Rf8 40. Rh7 Kf6 41. Rh5 g6 42. g5+ Kg7 43. Rh4 a5 44. Rh2 b4 45. axb4 axb4 46. cxb4 Ra8 47. g3 Ra1+ 48. Kf2 Ra4 49. Ke1 Rxb4 50. Rd2 Kf7 51. Kf2 Ke7 52. Nd1 Rb3 53. Nc3 b5 54. Rc2 Kd6 55. Kg2 Bg4 56. Kf2 Ke6 57. Kg2 Rb4 58. Na2 Rxd4 59. Rc6+ Kf5 60. Nc3 e3 61. Rf6+ Kxg5 62. Rf1 Rd2+ 63. Kg1 b4 0-1